01315nam a2200229 a 450000100060000000300090000600800410001504000280005608200190008411000360010324500790013926000530021830000100027150503370028165000540061865000520067265000420072494200120076699900170077895201450079595201450094022772CO-ViMGA141112s2004 ck r 000 u spa d aCO-ViMGAbspacCO-ViMGA04a346.0135 C656c aColombia. Leyes, Decretos9719410aCódigo de la infancia y la adolescencia : bLey 1098 noviembre 8 de 2006 aColombia : bComercializadora Graficas el Dorado a302p. aLa proteccion integral, Disposiciones generales, Sistema Nacional de bienestar familiar y Políticas publicas e inspeccion, vigilancia y control, Expendido de bebidas embriagantes a menores de edad, Explotacion a menores de edad, Norma para la prevencion de la violencia sexual, Sistemas de responsabilidad penal para adolescentes14aCODIGO DEL MENOR - LEGISLACION - COLOMBIA 93252114aDERECHOS DE LOS ADOLESCENTES - COLOMBIA 93252214aDERECHOS DEL NIÑO - COLOMBIA921258 2ddccBK c31069d31069 00102ddc40708002aMEVIECARbMEVIECARd2015-12-04h26/oct/2009l0o346.0135 C656c p22772 - 1r2015-12-04 00:00:00tEj. 1w2015-12-04yBK 00102ddc40708002aMEVIECARbMEVIECARd2015-12-04h26/oct/2009l0o346.0135 C656c p22772 - 2r2017-08-18 00:00:00tEj. 2w2015-12-04yBK